Metales y aleaciones para elevadas temperaturas
Na minha lista:
| Autor principal: | |
|---|---|
| Formato: | Livro |
| Idioma: | espanhol |
| Publicado em: |
Madrid
Montecorvo
1964
|
| coleção: | Monografías. Colección de Estudios Técnicos
|
| Assuntos: | |
| Tags: |
Adicionar Tag
Sem tags, seja o primeiro a adicionar uma tag!
|
MARC
| LEADER | 00000nam a2200000 a 4500 | ||
|---|---|---|---|
| 001 | UCP1571 | ||
| 003 | CL-VaPUC | ||
| 008 | 990416e19640000SP |||||||||||||||||spa|d | ||
| 082 | 0 | 4 | |a 669.028 |b DEL |2 21 |
| 100 | 0 | |a De la Torre Cursach, Juan M |e author |9 427692 | |
| 245 | 1 | 0 | |a Metales y aleaciones para elevadas temperaturas |
| 300 | |a 263 p | ||
| 942 | |c BK | ||
| 945 | |d 19990416 00:00:00 |a cmena | ||
| 260 | |a Madrid |b Montecorvo |c 1964 | ||
| 650 | 0 | |a Aleación (Química) |9 263528 | |
| 650 | 0 | |a Propiedades mecánicas |9 262507 | |
| 650 | 0 | |a Metales |9 260686 | |
| 650 | 0 | |a Resistencia de materiales |9 260095 | |
| 650 | 7 | |a TECNOLOGIA DE LA FUNDICION |2 CL-VaPUC |9 358670 | |
| 650 | 7 | |a MATERIALES RESISTENTES AL CALOR |2 CL-VaPUC |9 427693 | |
| 583 | |a last modification |c 19990416 00:00:00 |k Rodrigo Vera | ||
| 490 | 0 | |a Monografías. Colección de Estudios Técnicos | |
| 999 | |c 280239 |d 280237 | ||